|
|
|
|
| LEADER |
01554nam a2200289 u 4500 |
| 001 |
10033290 |
| 003 |
GR-PaULI |
| 005 |
20220524104621.0 |
| 008 |
991123s1993 uk eng |
| 952 |
|
|
|0 0
|1 0
|2 ddc
|4 0
|6 Π_Σ_190_903000000000000_1_REN
|7 0
|9 234269
|a LISP
|b LISP
|c REF
|d 2019-07-24
|i 37226
|l 0
|o Π/Σ 190.903 1 REN
|p 025000091759
|r 2019-07-24 00:00:00
|t 1
|v 2019.00
|w 2019-07-24
|y BKN
|
| 952 |
|
|
|0 0
|1 0
|2 ddc
|4 0
|6 Π_Σ_190_903000000000000_1_REN
|7 0
|9 234272
|a LISP
|b LISP
|c REF
|d 2019-07-24
|i 37227
|l 0
|o Π/Σ 190.903 1 REN
|p 025000091767
|r 2019-07-24 00:00:00
|t 2
|v 2019.00
|w 2019-07-24
|y BK15
|
| 952 |
|
|
|0 0
|1 0
|2 ddc
|4 0
|6 109_000000000000000_ROU
|7 0
|9 234277
|a PHIL
|b PHIL
|d 2019-07-24
|i 154
|l 0
|o 109 ROU
|p 025000090043
|r 2019-07-24 00:00:00
|t 3
|v 2019.00
|w 2019-07-24
|y BK15
|
| 999 |
|
|
|c 142119
|d 142119
|
| 020 |
|
|
|a 0415053781 (σκληρό εξώφυλλο)
|
| 040 |
|
|
|a GR-PaULI
|c GR-PaULI
|b gre
|e AACR2
|
| 082 |
0 |
4 |
|a 190.903 1
|2 23
|
| 082 |
0 |
4 |
|a 109
|2 23
|
| 245 |
0 |
4 |
|a The renaissance and seventeenth-century rationalism /
|c edited by G. H. R. Parkinson.
|
| 260 |
|
|
|a London :
|b Routledge,
|c 1993.
|
| 300 |
|
|
|a xxix, 444 σ. ;
|b
|c 24 εκ.
|
| 490 |
1 |
|
|a Routledge history of philosophy
|v 4.
|
| 504 |
|
|
|a Περιλαμβάνει βιβλιογραφικές παραπομπές και ευρετήριο.
|
| 650 |
|
4 |
|9 8796
|a Φιλοσοφία, Αναγεννησιακή
|
| 700 |
1 |
|
|9 106665
|a Parkinson, G. H. R.
|q (George Henry Radcliffe)
|e επιμελητής.
|
| 830 |
|
0 |
|9 177352
|a Routledge history of philosophy
|v 4.
|
| 942 |
|
|
|2 ddc
|c BKN
|
| 998 |
|
|
|c ΜΠΟΥΡΑΣ
|d 2018-07
|